000 00440nam a2200193Ia 4500
008 151119s9999||||xx |||||||||||||| ||und||
082 _a891.463
082 _bGKKV33
100 _aसाधले आनंद
245 _aसय
260 _a--
260 _b--
260 _c0
600 _aसाधले आनंद
630 _aसय
700 _aसाधले आनंद
730 _aसय
942 _cBOOK
999 _c1056962
_d1056959